<?xml version="1.0" encoding="UTF-8"?>
<marc:record xmlns:marc="http://www.loc.gov/MARC21/slim">
   <marc:leader>00000nam a2200000 a 4500</marc:leader>
   <marc:datafield ind1=" " ind2=" " tag="653">
      <marc:subfield code="a">Animation</marc:subfield>
   </marc:datafield>
   <marc:datafield ind1=" " ind2=" " tag="653">
      <marc:subfield code="a">DVDJC</marc:subfield>
   </marc:datafield>
   <marc:datafield ind1=" " ind2=" " tag="653">
      <marc:subfield code="a">Engl.</marc:subfield>
   </marc:datafield>
   <marc:datafield ind1=" " ind2=" " tag="653">
      <marc:subfield code="a">Fernsehserie</marc:subfield>
   </marc:datafield>
   <marc:datafield ind1=" " ind2=" " tag="653">
      <marc:subfield code="a">TV-Serie</marc:subfield>
   </marc:datafield>
   <marc:datafield ind1=" " ind2=" " tag="653">
      <marc:subfield code="a">Video</marc:subfield>
   </marc:datafield>
   <marc:datafield ind1=" " ind2=" " tag="653">
      <marc:subfield code="a">lne</marc:subfield>
   </marc:datafield>
   <marc:datafield ind1="0" ind2="0" tag="245">
      <marc:subfield code="a">Kleiner roter Traktor - Die schönsten Tierfolgen</marc:subfield>
   </marc:datafield>
   <marc:datafield ind1="1" ind2=" " tag="520">
      <marc:subfield code="a">In deutscher und englischer Sprache&#xD;
In Plätscherbach ist immer was los, ganz besonderswenn mal wieder die Tiere für Aufregungsorgen. Egal ob das Känguru Kenny sich währenddem Transport in den Wildpark aus dem Staubmacht und die Gegend erkundet, oder der RenneselToni Herrn Tormann das Leben schwer macht:Die kurzweiligen Episoden bieten tierisch schöneKinderunterhaltung.Im Radio wird berichtet, dass ein kleines getigertes Kätzchen entlaufenist. Stumpi hat im Halbschlaf nur die Hälfte davon mitbekommen undmacht nun das halbe Dorf verrückt, weil er glaubt, dass sich ein Tigerin Plätscherbach herumtreibt. Emma und Max wissen als einzige längstBescheid, denn sie haben das Kätzchen in Jans Scheune gefunden. Daihnen die Erwachsenen aber nicht zuhören wollen, schmieden sie einenPlan, um den verängstigten Leuten einen Streich zu spielen</marc:subfield>
   </marc:datafield>
</marc:record>
